Statistics for Biggest Welsh City/Town By Letter

Click here to take the quiz!

General Stats

  • This quiz has been taken 13 times
  • The average score is 7 of 23

Answer Stats

LetterCityPopulation% Correct
CCardiff349,780
100%
WWrexham61,062
100%
SSwansea178,118
92%
NNewport139,383
85%
BBarry56,587
62%
RRhyl26,992
46%
LLlanelli44,384
38%
AAberdare31,335
31%
MMerthyr Tydfil43,565
31%
DDenbigh8,073
23%
EEbbw Vale17,643
23%
HHaverfordwest14,899
23%
PPort Talbot37,372
23%
FFlint15,514
15%
KKnighton2,911
8%
QQueensferry1,906
8%
YYstrad Mynach19,499
8%
GGorseinon17,302
0%
JJohnston2,123
0%
OOgmore Vale3,095
0%
TTonypandy17,405
0%
UUndy5,737
0%
VValley2,326
0%

Score Distribution

Percentile by Number Answered

Percent of People with Each Score

Your Score History

You have not taken this quiz